OR on the micro

Αποθηκεύτηκε σε:
Λεπτομέρειες βιβλιογραφικής εγγραφής
Κύριος συγγραφέας: Whitaker, David
Μορφή: Βιβλίο
Γλώσσα:English
Δημοσίευση: Chichester [West Sussex] ; New York : Wiley, c1984
Θέματα:
Ετικέτες: Προσθήκη ετικέτας
Δεν υπάρχουν, Καταχωρήστε ετικέτα πρώτοι!

MARC

LEADER 00000cam a2200000 i 4500
001 1/35624
008 941103s1984 eng d
020 |a 0471900834  |c $53.10 (U.S.) 
020 |a 0471900842  |c $23.50 (U.S.) 
035 |l 10040019 
035 |a 1987 
040 |a GR-MY-UA  |b gre  |e aacr 
041 0 |a eng 
082 0 |a 658.403402854 
100 1 |a Whitaker, David. 
245 1 0 |a OR on the micro /  |c David Whitaker 
246 3 3 |a O.R. on the microcomputer 
260 |a Chichester [West Sussex] ; New York :   |b Wiley,   |c c1984 
300 |a viii, 197 p.;  |b ill.;  |c 24 cm. 
504 |a Includes bibliographies and index 
650 0 0 |a Operations research  |x Data processing. 
650 0 0 |a Microcomputers  |x Programming. 
852 |a INST  |b SAMOS  |e 19941103  |h 658.403402854 WHI  |p 005300000727  |q 005300000727  |t BK  |y 0 
909 |a Σ  |b 008286